000 00315nab a22001097u 4500
008 130520b1982 xxu||||| |||| 00| 0 spa d
041 _aspa
100 1 _aCormie, L.
_967134
245 0 0 _aEspiritualidad de las clases medias
_cL. Cormie
773 0 _tConcilium
_gV.2,1982,págs.384-393
_x0210-1041
_wRev134
942 _cAR
999 _c354845
_d354845